LEADER 03045oam 2200769I 450 001 9910450384803321 005 20210108104844.0 010 $a1-134-70865-3 010 $a0-203-13102-9 010 $a1-280-32959-9 024 7 $a10.4324/9780203131022 035 $a(CKB)1000000000248038 035 $a(EBL)166052 035 $a(OCoLC)60495148 035 $a(SSID)ssj0000108594 035 $a(PQKBManifestationID)11135277 035 $a(PQKBTitleCode)TC0000108594 035 $a(PQKBWorkID)10043881 035 $a(PQKB)10873892 035 $a(MiAaPQ)EBC166052 035 $a(OCoLC)51098661 035 $a(EXLCZ)991000000000248038 100 $a20180706d1998 uy 0 101 0 $aeng 135 $aur|n|---||||| 181 $ctxt 182 $cc 183 $acr 200 00$aBalancing acts $estudies in counselling training /$fedited by Hazel Johns 210 1$aLondon ;$aNew York :$cRoutledge,$d1998. 215 $a1 online resource (236 p.) 300 $aDescription based upon print version of record. 311 $a0-415-16546-6 311 $a0-415-16545-8 327 $aBook Cover; Title; Contents; List of contributors; INTRODUCTION; On the tightrope; Being a counselling trainer: keeping the plates spinning?; The stresses of being a counselling trainer; Issues of power for women counselling trainers; The co-training relationship; Aspects of counselling training: juggling or fire-eating?; Reflective learning; Negotiated learning and assessment; Groups in counselling training; Volunteers, professionalisation and training; Training volunteers in a non-counselling setting; Training by telephone; Counselling trainees: holding the balancing-pole? 327 $aAn academic invalid in a world of academic excellenceA trainee's experience of trauma; Healing the 'wounded healer'; Rainbows and shadows; Index 330 $aThis book examines the theory and practice of counselling training. Experienced trainers share their experiences of the 'balancing acts' by which students and trainers manage the complex demands made of them during the training process. 606 $aCounseling 606 $aCounselors 606 $aCounselors - Training of 606 $aPhilosophy 606 $aTraining of 606 $aCounselors$xTraining of 606 $aCounseling$xStudy and teaching 606 $aSocial Sciences$2HILCC 606 $aPsychology$2HILCC 608 $aElectronic books. 615 4$aCounseling. 615 4$aCounselors. 615 4$aCounselors - Training of. 615 4$aPhilosophy. 615 4$aTraining of. 615 0$aCounselors$xTraining of 615 0$aCounseling$xStudy and teaching 615 7$aSocial Sciences 615 7$aPsychology 676 $a158.3071 676 $a361.06071 676 $a361/.06/071 676 $a616 701 $aJohns$b Hazel$0864720 801 0$bFlBoTFG 801 1$bFlBoTFG 906 $aBOOK 912 $a9910450384803321 996 $aBalancing acts$91930186 997 $aUNINA LEADER 05816oam 2200817M 450 001 9910782343703321 005 20230725041157.0 010 $a0-429-06158-7 010 $a1-4398-4275-2 010 $a1-281-82757-6 010 $a9786611827571 010 $a1-57808-590-X 035 $a(CKB)1000000000552677 035 $a(EBL)3404258 035 $a(SSID)ssj0000465327 035 $a(PQKBManifestationID)11324037 035 $a(PQKBTitleCode)TC0000465327 035 $a(PQKBWorkID)10445365 035 $a(PQKB)10260756 035 $a(SSID)ssj0000236244 035 $a(PQKBManifestationID)12044301 035 $a(PQKBTitleCode)TC0000236244 035 $a(PQKBWorkID)10172063 035 $a(PQKB)11679470 035 $a(MiAaPQ)EBC3404258 035 $a(OCoLC)1019728772 035 $a(OCoLC-P)1019728772 035 $a(FlBoTFG)9781439842751 035 $a(EXLCZ)991000000000552677 100 $a20180115d2011 uy 0 101 0 $aeng 135 $aurcn||||||||| 181 $ctxt 182 $cc 183 $acr 200 10$aReproductive Biology and Phylogeny of Birds, Part A $ePhylogeny, Morphology, Hormones and Fertilization 205 $aFirst edition. 210 1$aBoca Raton, FL :$cCRC Press,$d2011. 215 $a1 online resource (624 p.) 225 0 $aReproductive biology and phylogeny Reproductive biology and phylogeny of birds 300 $aDescription based upon print version of record. 311 $a1-57808-386-9 327 $a""Preface to the Series""; ""Preface to this Volume""; ""Contents""; ""About the Series and Volume""; ""About the Series and Volume Editor""; ""1. Classification and Phylogeny OF Birds ""; ""1.1 INTRODUCTION ""; ""1.2 NON-PASSERINES ""; ""1.2.1 Basal Relationships ""; ""1.2.2 Palaeognathae ""; ""1.2.3 Galloanserae ""; ""1.2.3.1 Relationships within Gall iformes""; ""1.2.3.2 Relationships within Anseriformes ""; ""1.2.4 Neoaves ""; ""1.2.4.1 Monophyly of neoavian orders ""; ""1.2.4.2 Relationships between neoavian orders (or their monophyletic fragments) "" 327 $a""1.2.4.3 Relationships within neoavian orders (or their monophyletic fragments) """"1.2.4.4 Monophyly of neoavian families ""; ""1.2.4.5 Relationships within neoavian families ""; ""1.2.4.6 Monophyly of neoavian genera ""; ""1.2.5 Classification of Non-passerines ""; ""1.3 PASSERINES ""; ""1.3.1 Monophyly of Passeriformes ""; ""1.3.2 Monophyly of Passerine Families and Genera ""; ""1.3.3 Basal Relationships within Passerines ""; ""1.3.4 Relationships within New World Suboscines ""; ""1.3.4.1 Furnarii ""; ""1.3.4.2 Tyranni ""; ""1.3.5 Relationships within the Corvidan grade "" 327 $a""1.3.5.1 Menuroidea and other near-basal groups """"1.3.5.2 Meliphagoidea and other groups outside Corvoidea ""; ""1.3.5.3 Corvodea ""; ""1.3.6 Relationships within Passerida ""; ""1.3.6.1 Groups not within any superfamily ""; ""1.3.6.2 Sylvioidea ""; ""1.3.6.3 Certhioidea ""; ""1.3.6.4 Muscicapoidea ""; ""1.3.6.5 Passeroidea ""; ""1.4 CONCLUSION ""; ""1.5 ACKNOWLEDGMENTS ""; ""1.6 LITERATURE CITED ""; ""2. Anatomy of the Testis and Male Reproductive Tract ""; ""2.1 INTRODUCTION ""; ""2.1.1 Testis Shape, Asymmetry and Size ""; ""2.1.2 Body Temperature and Testis Function in Birds "" 327 $a""2.1.3 Consistency and Structure of the Testis """"2.1.4 The Excurrent Ducts of the Testis ""; ""2.1.5 Blood Supply to the Reproductive Organs ""; ""2.2 THE TESTIS ""; ""2.2.1 The Testicular Capsule ""; ""2.2.2 Seminiferous Tubules ""; ""2.2.3 Sertoli Cells ""; ""2.2.3.1 Functions of the Sertoli Cell ""; ""2.2.4 Interstitial Tissue of the Testis ""; ""2.2.4.1 The boundary (peritubular) tissue ""; ""2.2.4.2 The interstitium ""; ""2.2.4.3 The Leydig cell ""; ""2.2.4.4 Functions of the intertubular tissue ""; ""2.3 THE EXCURRENT DUCTS OF THE TESTIS ""; ""2.3.1 The Rete Testis"" 327 $a""2.3.1.1 Surface features of the rete testis tubules/lacunae """"2.3.1.2 The histology and ultrastructure of the rete testis cells ""; ""2.3.1.3 Functions of the rete testis ""; ""2.3.2 The Efferent Ducts (Ductuli Efferentes) ""; ""2.3.2.1 Surface morphology of the efferent ducts ""; ""2.3.2.2 Histology and ultrastructure of the efferent duct epithelia ""; ""2.3.3 The Epididymal Duct Unit""; ""2.3.3.1 General organization and features ""; ""2.3.3.2 The ductus deferens and its modifications ""; ""2.3.3.3 Surface features of the epididymal duct unit "" 327 $a""2.3.3.4 Histology of the epididymal duct unit "" 330 2 $a"Aspects of reproduction covered in this volume include classification and phylogeny as revealed by molecular biology; anatomy of the male reproductive tract and organs; anatomy and evolution of copulatory structures; development and anatomy of the female reproductive tract; endocrinology of reproduction; ovarian dynamics and follicle development; spermatogenesis and testicular cycles; avian spermatozoa: structure and phylogeny; testis size, sperm size and sperm competition and lastly, fertilization."--Provided by publisher. 606 $aBirds -- Phylogeny 606 $aBirds -- Reproduction 606 $aZoology$2HILCC 606 $aHealth & Biological Sciences$2HILCC 606 $aVertebrates$2HILCC 606 $aBirds$xReproduction 606 $aBirds$xPhylogeny 615 4$aBirds -- Phylogeny. 615 4$aBirds -- Reproduction. 615 7$aZoology 615 7$aHealth & Biological Sciences 615 7$aVertebrates 615 0$aBirds$xReproduction 615 0$aBirds$xPhylogeny 676 $a598 700 $aJamieson$b Barrie G. M$01468776 801 0$bOCoLC-P 801 1$bOCoLC-P 906 $aBOOK 912 $a9910782343703321 996 $aReproductive Biology and Phylogeny of Birds, Part A$93680110 997 $aUNINA